| 000 | 00566nam a22001937a 4500 | ||
|---|---|---|---|
| 003 | OSt | ||
| 005 | 20260601193900.0 | ||
| 008 | 260506b1970 enka|||| |||| 00| 0 eng d | ||
| 020 | _a0471447900 | ||
| 040 |
_aICI _bspa _cICI |
||
| 050 |
_aTA174 _bJ65 |
||
| 100 | 1 |
_aJones, J. Christopher _d1927- _eautor _q(John Christopher), _933679 |
|
| 245 |
_aDesign methods : _bSeeds of human futures. |
||
| 260 |
_aLondon : _bWiley-Interscience, _c1970 |
||
| 300 |
_a407 páginas _c23cm. |
||
| 650 | 4 | _aDiseño industrial | |
| 650 | 4 | _aDiseño en ingeniería | |
| 942 |
_2lcc _cB _n0 |
||
| 999 |
_c22193 _d22193 |
||